Jatiya andulan aru bharatar sangbidhanik bikash. (Record no. 868)
[ view plain ]
| 000 -LEADER | |
|---|---|
| fixed length control field | 00498cam a2200181ua 4500 |
| 008 - FIXED-LENGTH DATA ELEMENTS--GENERAL INFORMATION | |
| fixed length control field | 110423n ii |||gr||||Z||||||asm |
| 040 ## - CATALOGING SOURCE | |
| Transcribing agency | MAIN |
| 082 ## - DEWEY DECIMAL CLASSIFICATION NUMBER | |
| Classification number | 322.4454 |
| 245 1# - TITLE STATEMENT | |
| Title | Jatiya andulan aru bharatar sangbidhanik bikash. |
| Statement of responsibility, etc. | By Purandar Gogoi. |
| 250 ## - EDITION STATEMENT | |
| Edition statement | 1st. |
| 260 ## - PUBLICATION, DISTRIBUTION, ETC. | |
| Place of publication, distribution, etc. | Dibrugarh.: |
| Name of publisher, distributor, etc. | Banalata.,994. |
| 300 ## - PHYSICAL DESCRIPTION | |
| Extent | 356 p.: |
| Dimensions | 20 cm. |
| 700 ## - ADDED ENTRY--PERSONAL NAME | |
| Personal name | Gogoi, Purandar., |
| 942 ## - ADDED ENTRY ELEMENTS (KOHA) | |
| Koha item type | Books |
| 653 ## - INDEX TERM--UNCONTROLLED | |
| Uncontrolled term | Political science. |
| 653 ## - INDEX TERM--UNCONTROLLED | |
| Uncontrolled term | Jatiya andulan aru bharata sangbidhanik bikash. |
| Withdrawn status | Lost status | Damaged status | Not for loan | Home library | Current library | Shelving location | Date acquired | Total Checkouts | Full call number | Barcode | Date last seen | Copy number | Price effective from | Koha item type | Date last checked out |
|---|---|---|---|---|---|---|---|---|---|---|---|---|---|---|---|
| Central Library, Naharkatiya College | Central Library, Naharkatiya College | General Stacks | 19/09/2020 | 322.4454 | GOG | 1008 | 19/09/2020 | 1 | 19/09/2020 | Books | ||||||
| Central Library, Naharkatiya College | Central Library, Naharkatiya College | General Stacks | 19/09/2020 | 2 | 322.4454 | GOG | 1009 | 07/01/2022 | 4 | 19/09/2020 | Books | 03/01/2022 | ||||
| Central Library, Naharkatiya College | Central Library, Naharkatiya College | General Stacks | 19/09/2020 | 322.4454 | GOG | 1011 | 19/09/2020 | 3 | 19/09/2020 | Books | ||||||
| Central Library, Naharkatiya College | Central Library, Naharkatiya College | General Stacks | 19/09/2020 | 322.4454 | GOG | 1012 | 19/09/2020 | 2 | 19/09/2020 | Books |
